Management Accounting: (Record no. 356069)
[ view plain ]
| 000 -LEADER | |
|---|---|
| fixed length control field | 00370nam a2200109Ia 4500 |
| 008 - FIXED-LENGTH DATA ELEMENTS--GENERAL INFORMATION | |
| fixed length control field | 180305s9999 xx 000 0 und d |
| 020 ## - INTERNATIONAL STANDARD BOOK NUMBER | |
| International Standard Book Number | 9789710552207 |
| 100 ## - MAIN ENTRY--PERSONAL NAME | |
| Personal name | Payongayong, Luzviminda Santos |
| 245 ## - TITLE STATEMENT | |
| Statement of responsibility, etc | Luzviminda Santos Payongayong |
| Title | Management Accounting: |
| Remainder of title | For Managers and Entrepreneur/ |
| 260 ## - PUBLICATION, DISTRIBUTION, ETC. (IMPRINT) | |
| Place of publication, distribution, etc | Bulacan |
| Name of publisher, distributor, etc | Allen Adrian Books Inc. |
| Date of publication, distribution, etc | 2014 |
| 300 ## - PHYSICAL DESCRIPTION | |
| Extent | 361 Pages |
| Withdrawn status | Lost status | Damaged status | Home library | Current library | Shelving location | Date acquired | Source of acquisition | Total Checkouts | Full call number | Barcode | Date last seen | Price effective from | Koha item type |
|---|---|---|---|---|---|---|---|---|---|---|---|---|---|
| College Library | College Library | Reserve Section | 03/05/2018 | HF 5657.4 .P346 2014 | c21307 | 05/15/2018 | 03/05/2018 | Books |